[Event "ch-USA 2024"]
[Site "Saint Louis USA"]
[Date "2024.10.11"]
[Round "1.2"]
[White "Shankland, S."]
[Black "Liang, Awonder"]
[Result "1/2-1/2"]
[WhiteElo "2677"]
[BlackElo "2677"]
[PlyCount "69"]
[EventDate "2024.10.11"]

1. d4 d5 2. c4 e6 3. Nf3 Nf6 4. g3 c5 5. Bg2 cxd4 6. O-O Be7 7. cxd5 Nxd5 8. Nxd4 O-O 9. Nc3 Nxc3 10. bxc3 e5 11. Nc2 Nc6 12. Ne3 Be6 13. Qa4 Bc5 14. Rb1 Bxe3 $146 ({RR} 14... Qc8 15. Rb5 Nd8 16. Ba3 Bxa3 17. Qxa3 Qc7 18. Rfb1 a6 19. Rc5 Qe7 20. Nd5 Bxd5 21. Bxd5 Rc8 22. Ra5 Qc7 23. c4 Re8 24. Qb4 g6 25. Ra3 Re7 26. Rab3 Kf8 27. Qd2 Kg7 28. Qb2 h5 29. Rb6 {Horvath,C (2540)-Luther,T (2510) Gausdal 1994 1-0 (41)}) ({RR} 14... Qc7 15. Nd5 Bxd5 16. Bxd5 Rac8 17. Rd1 b6 18. Bf3 Rfd8 19. Rxd8+ Nxd8 20. Bd5 Ne6 21. Bxe6 fxe6 22. Qe4 Qf7 23. Be3 Qf5 24. Qxf5 exf5 25. Bxc5 Rxc5 26. Rd1 h6 27. Rd8+ Kh7 28. Rd7 Ra5 29. Rd2 {Lazavik,D (2621)-Paravyan,D (2584) chess.com INT 2026 ½-½ (67)}) 15. Bxe3 Qc7 16. Rfd1 Rac8 17. c4 h6 18. h4 Rfd8 19. Bd5 Re8 20. Rd2 b6 21. Rbd1 Bf5 22. c5 bxc5 23. Bxc5 Red8 24. g4 Nd4 25. Bxd4 Rxd5 26. gxf5 exd4 27. f6 Rf5 28. fxg7 Rxf2 29. Kxf2 Qf4+ 30. Kg2 Qg4+ 31. Kf1 Qf4+ 32. Kg2 Qg4+ 33. Kf1 Qf4+ 34. Kg2 Qg4+ 35. Kf1 1/2-1/2

[Event "Chess.com Classic Div 3 W"]
[Site "chess.com INT"]
[Date "2024.05.13"]
[Round "5.3"]
[White "Andreikin, D."]
[Black "Grandelius, N."]
[Result "1/2-1/2"]
[WhiteElo "2729"]
[BlackElo "2664"]
[PlyCount "69"]
[EventDate "2024.05.10"]
[EventType "k.o."]

1. d4 d5 2. c4 e6 3. Nf3 f6 4. Nc3 Bb4 5. cxd5 $146 ({RR} 5. Qa4+ Nc6 6. Bd2 Be7 7. g3 Bd7 8. Qc2 e5 9. dxe5 fxe5 10. Nxd5 Nf6 11. Bc3 Bd6 12. O-O-O O-O 13. Ng5 g6 14. f4 exf4 15. Nxf6+ Rxf6 {½-½ (15) Nishchyk,S (1258)-Anderson,K (1122) Playchess.com INT 2020}) ({RR} 5. e3 Ne7 6. Bd2 O-O 7. a3 Bxc3 8. Bxc3 b6 9. Rc1 Ba6 10. Bb4 dxc4 11. Bxc4 Bxc4 12. Rxc4 Rf7 13. O-O Nd5 14. Bd2 c6 15. Qe2 Rc7 16. Rfc1 Ne7 17. Bb4 a5 18. Bxe7 Qxe7 19. e4 Raa7 {Bakhrillaev,B (2386)-Zou,C (2449) chess.com INT 2024 1-0 (40)}) 5... exd5 6. Qb3 Ba5 7. Bd2 Ne7 8. e4 Bxc3 9. Bxc3 O-O 10. Bd3 Nbc6 11. O-O Kh8 12. Rfe1 Bg4 13. Nd2 dxe4 14. Bxe4 Nxd4 15. Bxd4 Qxd4 16. Nf3 Bxf3 17. Bxf3 Ng6 18. Rad1 Qb6 19. Bxb7 Qxb3 20. axb3 Rab8 21. Be4 Rxb3 22. Bxg6 hxg6 23. Rd7 Rxb2 24. Rxc7 a5 25. h3 Ra2 26. Ree7 Rg8 27. Ra7 Kh7 28. g3 Kh6 29. h4 a4 30. Re4 a3 31. Re3 Ra1+ 32. Kg2 a2 33. Re2 Rc8 34. Rexa2 Rxa2 35. Rxa2 1/2-1/2

[Event "Titled Tue 9th Apr Early"]
[Site "chess.com INT"]
[Date "2024.04.09"]
[Round "9"]
[White "Andreikin, D."]
[Black "Dominguez Perez, L."]
[Result "1-0"]
[WhiteElo "2729"]
[BlackElo "2748"]
[PlyCount "69"]
[EventDate "2024.04.09"]

1. c4 e6 2. Nf3 d5 3. d4 Nf6 4. Bg5 dxc4 5. e4 c5 6. Nc3 cxd4 7. Qxd4 Qxd4 8. Nxd4 a6 9. Bxc4 b5 ({RR} 9... Bb4 10. f3 Bd7 11. Rc1 Nc6 12. Nb3 Ne5 13. Be2 Bb5 14. a3 Bxe2 15. Kxe2 Be7 16. Na4 b5 17. Nb6 Rd8 18. Nc8 Bf8 19. Na5 h6 20. Be3 Nd3 21. Rc7 Nxb2 22. Nb6 Bd6 23. Ra7 Na4 24. Nc6 {Andreikin,D (2710)-Ter Sahakyan,S (2613) chess.com INT 2026 1-0}) 10. Be2 Bb7 11. f3 Be7 $146 ({RR} 11... Nbd7 12. Nb3 Rc8 13. Rd1 Bb4 14. Bd2 Ne5 15. O-O O-O 16. a3 Be7 17. Bf4 Nc4 18. Bxc4 bxc4 19. Nc1 Rfd8 20. Kf2 Nd7 21. Bd6 Bxd6 22. Rxd6 Nc5 23. Rxd8+ Rxd8 24. Ke3 Kf8 25. Rd1 Rc8 26. Rd6 {Andreikin,D (2729)-Diaz Camallonga,C (2484) chess.com INT 2023 1-0 (43)}) 12. Rc1 Nbd7 13. Nb3 Rc8 14. Be3 O-O 15. Kf2 Ne5 16. Rhd1 h6 17. a3 g5 18. Bd4 Nfd7 19. a4 b4 20. Na2 Bc6 21. a5 Ba4 22. Rxc8 Rxc8 23. Rc1 Rxc1 24. Naxc1 Nc6 25. Be3 Bd8 26. Bxa6 Nxa5 27. Nxa5 Bxa5 28. b3 Bc6 29. Nd3 Kf8 30. Bd2 Bb6+ 31. Ke2 Bc7 32. h3 Kg7 33. Nxb4 Ba8 34. Bb5 Nc5 35. Bc4 1-0

[Event "TechM GCL 2024"]
[Site "London ENG"]
[Date "2024.10.04"]
[Round "2.2"]
[White "Abdusattorov, Nodirbek"]
[Black "Duda, J."]
[Result "1/2-1/2"]
[WhiteElo "2783"]
[BlackElo "2740"]
[PlyCount "70"]
[EventDate "2024.10.03"]
[EventType "team"]
[WhiteTeam "PBG Alaskan Knights"]
[BlackTeam "American Gambits"]

1. d4 Nf6 2. c4 e6 3. Nf3 d5 4. Bg5 h6 5. Bh4 dxc4 6. e3 b5 7. a4 c6 8. Nc3 Bb4 9. Be2 Nbd7 10. O-O Qb6 11. Qc2 Bb7 12. b3 ({RR} 12. Ne5 Nxe5 13. dxe5 Nd7 14. Bg3 Nc5 15. Rad1 O-O 16. Ne4 Nxe4 17. Qxe4 Rad8 18. Bh4 Rd5 19. Qg4 Kh8 20. Qf4 Kh7 21. Bf3 Qc7 22. Be4+ g6 23. Bf6 Be7 24. Bxd5 exd5 25. h4 Bc8 26. axb5 Bxf6 {Sargissian,G (2689)-Bluebaum,M (2644) Moscow 2019 1-0 (45)}) 12... cxb3 13. Qxb3 a5 14. Na2 $146 ({RR} 14. Rfc1 Bxc3 15. Rxc3 Nd5 16. Rcc1 b4 17. Nd2 Nc3 18. Bf1 c5 19. dxc5 Nxc5 20. Qc2 O-O 21. Be7 Rfc8 22. Bxc5 Rxc5 23. Nb3 Rg5 24. Nd2 Rc8 25. Qb2 Qc6 26. f3 Qc5 27. Re1 Bc6 28. Qb3 Qd5 {Zhang,Y (1560)-Cormier,A (1959) Hamilton 2010 0-1 (68)}) 14... bxa4 15. Qxa4 O-O 16. Rab1 c5 17. Bxf6 Nxf6 18. dxc5 Qxc5 19. Rfc1 Qe7 20. Nxb4 axb4 21. Qxb4 Qxb4 22. Rxb4 Bxf3 23. Bxf3 Rac8 24. Ra1 Rc7 25. h4 h5 26. Rf4 Rfc8 27. Ra2 Rc1+ 28. Kh2 R1c2 29. Rxc2 Rxc2 30. Kg3 Rc5 31. Rb4 g6 32. Rb7 Kg7 33. Ra7 Rc4 34. Kh3 Ne4 35. Bxe4 Rxe4 1/2-1/2

[Event "EU-Cup 36th"]
[Site "Struga"]
[Date "2021.09.23"]
[Round "6.3"]
[White "Abasov, Nijat Azad"]
[Black "Fedoseev, Vladimir1"]
[Result "1/2-1/2"]
[WhiteElo "2652"]
[BlackElo "2708"]
[PlyCount "68"]
[EventDate "2021.09.18"]
[EventType "team-swiss"]
[EventRounds "7"]
[EventCountry "MKD"]
[SourceTitle "CBM 204 Extra"]
[Source "ChessBase"]
[SourceDate "2022.09.12"]
[SourceVersion "1"]
[SourceVersionDate "2022.09.12"]
[SourceQuality "1"]
[WhiteTeam "Silla Valencia"]
[BlackTeam "Mednyi Vsadnik"]
[WhiteTeamCountry "ESP"]
[BlackTeamCountry "RUS"]

1. c4 c6 2. Nf3 d5 3. e3 Nf6 4. Nc3 Nbd7 5. cxd5 cxd5 6. d4 e6 7. Bd3 Bd6 8. O-O O-O 9. Re1 ({RR} 9. Qc2 Nb6 10. b3 Bd7 11. Bb2 Rc8 12. Rac1 Qc7 13. Qe2 Qb8 14. Ne5 Bc6 15. f4 Nbd7 16. g4 g6 17. g5 Nh5 18. Rf3 Ng7 19. Rh3 Nf5 20. Bxf5 exf5 21. Qf2 Bxe5 22. dxe5 Rfe8 23. Qh4 Nf8 {Wiegand,H (1832)-Fettig,M (1675) Marburg GER 2025 1-0 (40)}) 9... h6 10. Bd2 a6 11. Rc1 Rb8 $146 ({RR} 11... b5 12. e4 dxe4 13. Nxe4 Nxe4 14. Bxe4 Rb8 15. Bb1 Bb7 16. Ne5 Rc8 17. Rxc8 Qxc8 18. Bxh6 Bxe5 19. dxe5 gxh6 20. Qg4+ Kh8 21. Qf4 Kg7 22. Qg3+ Kh8 23. Qh4 Kg7 24. Qg4+ Kh8 25. Qh3 Kg7 26. Qg3+ {Navara,D (2689)-Yu Yangyi (2735) Biel SUI 2023 ½-½}) 12. e4 dxe4 13. Nxe4 Nxe4 14. Bxe4 Nf6 15. Bb1 b5 16. Ne5 Bb7 17. Rc3 Re8 18. Bxh6 gxh6 19. Qc1 Kf8 20. Qxh6+ Ke7 21. Nxf7 Bxh2+ 22. Qxh2 Kxf7 23. Rc7+ Re7 24. Bg6+ Kxg6 25. Rxe7 Qxe7 26. Qxb8 Bd5 27. Re3 Nh5 28. Re5 Ng7 29. Qc8 Nf5 30. g4 Ng7 31. f4 Qh4 32. Rg5+ Kh7 33. Qc2+ Kg8 34. Qc8+ Kh7 1/2-1/2

[Event "Pamplona San Juan 4th"]
[Site "Pamplona"]
[Date "2010.07.30"]
[Round "7"]
[White "Fressinet, Laurent"]
[Black "Wojtaszek, Radoslaw"]
[Result "1/2-1/2"]
[WhiteElo "2697"]
[BlackElo "2663"]
[PlyCount "67"]
[EventDate "2010.07.24"]
[EventType "tourn"]
[EventRounds "9"]
[EventCountry "ESP"]
[EventCategory "16"]
[SourceTitle "CBM 138"]
[Source "ChessBase"]
[SourceDate "2010.09.17"]
[SourceVersion "1"]
[SourceVersionDate "2010.09.17"]
[SourceQuality "1"]

1. d4 Nf6 2. Nf3 d5 3. c4 e6 4. e3 c5 5. cxd5 exd5 6. Bb5+ Bd7 7. Bxd7+ Nbxd7 8. dxc5 Nxc5 9. O-O Be7 10. Bd2 O-O 11. Bc3 Qd7 12. Bd4 Rfd8 ({RR} 12... Rac8 13. Nc3 Rfd8 14. Rc1 a6 15. h3 Nfe4 16. Qe2 Ne6 17. Qd3 Nxd4 18. Nxd4 Nxc3 19. Rxc3 Rxc3 20. Qxc3 Bf6 21. Rc1 h6 22. b3 Qe7 23. Qc7 Rd7 24. Qf4 Qe4 25. Ne2 Be5 26. Qg4 Qxg4 27. hxg4 {Fressinet,L (2714)-Edouard,R (2652) Pau 2012 ½-½ (44)}) 13. Nc3 Ne6 $146 ({RR} 13... Rac8 14. Rc1 b6 15. h3 h6 16. Qe2 Nfe4 17. Rfd1 Qb7 18. Be5 Bf8 19. Qf1 Kh8 20. Nb5 f6 21. Bh2 Na4 22. Qe2 Rc5 23. Nbd4 Rdc8 24. Rb1 b5 25. Nh4 Qf7 26. f3 Ng5 27. Qd3 a6 28. Ng6+ {Pert,R (2457)-Van de Griendt,J (2352) England 2010 1-0 (37)}) ({RR} 13... Rac8 14. Qe2 Nfe4 15. Rfd1 Nxc3 16. Bxc3 Ne4 17. Bd4 Qa4 18. b3 Qa5 19. Rac1 h6 20. h3 Nc3 21. Bxc3 Rxc3 22. Rxc3 Qxc3 23. Qb5 Qb4 24. Qxb4 Bxb4 25. e4 Ba5 26. Rxd5 Rxd5 27. exd5 Kf8 28. Ne5 {Jovanic,O (2488)-Lizak,P (2423) Pula 2012 1-0 (43)}) 14. Qd3 Nxd4 15. Nxd4 Rac8 16. Rfd1 Bd6 17. Rac1 a6 18. h3 Be5 19. Rc2 h6 20. Rdc1 Rc7 21. Nf3 Bxc3 22. Rxc3 Rdc8 23. Nd4 Rxc3 24. Rxc3 Ne4 25. Rc2 Nd6 26. Ne2 Rxc2 27. Qxc2 Ne4 28. f3 Ng5 29. Qd3 Ne6 30. Kf2 Qd6 31. a3 Kf8 32. b4 h5 33. Qc3 Ke7 34. Nd4 1/2-1/2

[Event "Moscow Smyslov Memorial"]
[Site "Moscow"]
[Date "2021.08.13"]
[Round "7"]
[White "Ponkratov, Pavel"]
[Black "Paravyan, David"]
[Result "0-1"]
[WhiteElo "2650"]
[BlackElo "2631"]
[PlyCount "68"]
[EventDate "2021.08.07"]
[EventType "tourn"]
[EventRounds "9"]
[EventCountry "RUS"]
[EventCategory "16"]
[SourceTitle "CBM 203 Extra"]
[Source "ChessBase"]
[SourceDate "2021.09.30"]
[SourceVersion "1"]
[SourceVersionDate "2021.09.30"]
[SourceQuality "1"]

1. d4 d5 2. c4 c6 3. Nf3 dxc4 4. g3 b5 5. Bg2 Bb7 6. O-O e6 7. b3 cxb3 8. Qxb3 Nf6 ({RR} 8... Nd7 9. Rd1 Ngf6 10. a4 a6 11. Ba3 Bxa3 12. Qxa3 Qe7 13. Qb3 O-O 14. Nc3 Rab8 15. e4 b4 16. Na2 a5 17. Nd2 c5 18. d5 exd5 19. exd5 Nxd5 20. Bxd5 Bxd5 21. Qxd5 Nb6 22. Qc6 Rfc8 23. Qb5 {Porat,I (2319)-Rueda Ahumada,G (1915) chess.com INT 2026 1-0 (85)}) 9. a4 b4 ({RR} 9... a6 10. Rd1 Be7 11. Ba3 O-O 12. Ne5 Nd5 13. Nc3 Bxa3 14. Rxa3 Nd7 15. Nxd7 Qxd7 16. Ne4 b4 17. Nc5 Qe7 18. Bxd5 bxa3 19. Bc4 Rfb8 20. Qxa3 a5 21. Qe3 Bc8 22. Qe4 Rb4 23. Qxc6 Bb7 24. Nxb7 {Andreikin,D (2724)-Zhigalko,S (2572) Chess.com INT 2021 ½-½ (34)}) 10. a5 c5 11. Nc3 $146 ({RR} 11. Bb2 Bd5 12. Qa4+ Qd7 13. dxc5 Bxc5 14. Rc1 Qxa4 15. Rxa4 Nbd7 16. Ne5 Bd6 17. Bxd5 Nxd5 18. Nxd7 Kxd7 19. e4 Nc7 20. Bxg7 Rhb8 21. Bb2 Na6 22. Rd1 Nc5 23. Ra1 Kc6 24. f3 Nb3 25. Ra2 Bc5+ {Rumsey,V (1828)-Soler Lopez,H (2072) Torredembarra 2019 0-1 (31)}) 11... c4 12. Qb1 Qc8 13. Na2 Be4 14. Qb2 Nc6 15. Bg5 Nd5 16. Ne5 Bxg2 17. Kxg2 Nxe5 18. dxe5 h6 19. e4 hxg5 20. exd5 exd5 21. e6 fxe6 22. Rae1 b3 23. Nc3 Qc6 24. Ne2 Bc5 25. Qxg7 O-O-O 26. Qxg5 d4+ 27. f3 Qd5 28. Qg4 Qf5 29. Nf4 Bd6 30. Rxe6 Qxg4 31. fxg4 Rhe8 32. Rh6 b2 33. Ne6 Rxe6 34. Rxe6 c3 0-1

[Event "6th Sharjah Masters 2023"]
[Site "Sharjah UAE"]
[Date "2023.05.22"]
[Round "6.10"]
[White "Sargsyan, Shant"]
[Black "Erigaisi, Arjun"]
[Result "1/2-1/2"]
[WhiteElo "2630"]
[BlackElo "2701"]
[PlyCount "68"]
[EventDate "2023.05.17"]

1. d4 d5 2. c4 e6 3. Nf3 Nf6 4. g3 Bb4+ 5. Bd2 Be7 6. Bg2 Nbd7 7. Qc2 c6 8. O-O Ne4 9. Bf4 g5 10. Bc1 f5 11. Nc3 h5 12. Rb1 $146 ({RR} 12. Ne5 Nxe5 13. dxe5 Qc7 14. f3 Bc5+ 15. e3 Nxc3 16. Qxc3 Qb6 17. Qd3 h4 18. Re1 hxg3 19. hxg3 Bd7 20. Rb1 a5 21. Bd2 Qa6 22. Bf1 Qa7 23. a3 a4 24. cxd5 cxd5 25. Bc3 Kf7 26. Bd4 b6 {Bin-Suhayl,I (2219)-Kanyamarala,T (2389) Peterborough ENG 2025 ½-½ (43)}) ({RR} 12. Nd2 h4 13. Ndxe4 dxe4 14. d5 hxg3 15. hxg3 Bf6 16. Rd1 Qe7 17. dxc6 bxc6 18. Nxe4 fxe4 19. Qxe4 Rb8 20. Qxc6 Bb7 21. Qd6 Qxd6 22. Rxd6 Ke7 23. Rd2 Bxg2 24. Kxg2 Rhc8 25. Rc2 Ne5 26. c5 Rb5 {Castrillon Gomez,M (2141)-Adhiban,B (2550) Hong Kong HKG 2026 0-1 (54)}) 12... a5 13. a3 h4 14. b4 hxg3 15. hxg3 axb4 16. axb4 Bf6 17. Rd1 Nb6 18. Nxe4 fxe4 19. Ne5 Bxe5 20. dxe5 Nxc4 21. Bxe4 b5 22. Bg2 Rh6 23. Qc3 Qe7 24. Ra1 Rxa1 25. Qxa1 Kd8 26. e4 Rh7 27. exd5 cxd5 28. Qa8 Kc7 29. Be3 Bb7 30. Qa7 Kc8 31. Bc5 Qc7 32. Bd4 Qe7 33. Bc5 Qc7 34. Bd4 Qe7 1/2-1/2

[Event "FIDE Candidates 2024"]
[Site "Toronto CAN"]
[Date "2024.04.05"]
[Round "2.1"]
[White "Praggnanandhaa, R."]
[Black "Gukesh, D."]
[Result "0-1"]
[WhiteElo "2747"]
[BlackElo "2743"]
[PlyCount "66"]
[EventDate "2024.04.04"]

1. d4 d5 2. c4 e6 3. Nf3 Nf6 4. g3 Bb4+ 5. Nc3 dxc4 6. Bg2 O-O 7. O-O Nc6 8. a3 Be7 9. e4 a6 10. Be3 b5 11. Qe2 Bb7 12. Rad1 Na5 13. d5 ({RR} 13. Ne5 Nd7 14. f4 Nxe5 15. dxe5 Qe8 16. f5 f6 17. fxe6 c6 18. Bb6 Nb3 19. exf6 Bxf6 20. e5 Be7 21. Rd7 Bc5+ 22. Bxc5 Nxc5 23. Rxf8+ Qxf8 24. Rf7 Qe8 25. Bh3 Bc8 26. Ne4 Nxe4 27. Qxe4 Bxe6 {Gorovets,A (2427)-Nosach,R (2310) chess.com INT 2026 0-1 (100)}) 13... exd5 14. e5 Ne8 15. e6 f5 $146 ({RR} 15... f6 16. Nh4 c6 17. Be4 g6 18. Nxg6 hxg6 19. Qg4 g5 20. Qf5 dxe4 21. Rxd8 Rxd8 22. Bb6 Ng7 23. Qxe4 c5 24. Qb1 Nb3 25. Bxd8 Nd2 26. Bxe7 Nxb1 27. Rxb1 Re8 28. Bxc5 Nxe6 29. Bb6 g4 30. Re1 {Sai Agni Jeevitesh,J (2309)-Lau,L (2239) Budapest HUN 2025 ½-½}) 16. Ne5 Nf6 17. Qc2 c6 18. Qxf5 Qe8 19. Nf7 Bc8 20. Rfe1 Nb7 21. Bg5 Ra7 22. Bxf6 Bxf6 23. Bxd5 cxd5 24. Nxd5 Be7 25. Qg4 Nd8 26. Nxd8 Bxd8 27. Qd4 Rb7 28. Re4 Bf6 29. Qe3 Be7 30. h4 Qc6 31. h5 Bc5 32. Qg5 Bxe6 33. h6 Rxf2 0-1

[Event "Djerba Masters 2024"]
[Site "Djerba TUN"]
[Date "2024.02.20"]
[Round "3.3"]
[White "Ivanchuk, V."]
[Black "Tari, A."]
[Result "1-0"]
[WhiteElo "2623"]
[BlackElo "2635"]
[PlyCount "65"]
[EventDate "2024.02.18"]

1. Nf3 d5 2. d4 Nf6 3. c4 e6 4. Bg5 dxc4 5. e4 c5 6. Nc3 cxd4 7. Qxd4 Qxd4 8. Nxd4 h6 9. Bh4 a6 ({RR} 9... Bd7 10. Bxc4 Nc6 11. Nxc6 Bxc6 12. f3 a6 13. Rc1 Nd7 14. O-O g5 15. Bf2 Bg7 16. Rfd1 Ke7 17. Bb3 Rhc8 18. a4 b6 19. Bc4 Bxc3 20. Rxc3 Bxa4 21. Ra1 b5 22. h4 Ne5 23. Be2 Rxc3 24. bxc3 {Stocek,J (2471)-Samunenkov,I (2584) Czech Republic CZE 2026 0-1 (52)}) 10. Bxc4 b5 11. Be2 Nbd7 $146 ({RR} 11... Bb7 12. f3 Nbd7 13. O-O-O Rc8 14. Kb1 Bb4 15. Be1 O-O 16. g4 Be7 17. a3 Ne5 18. h4 g6 19. Rg1 Rfd8 20. g5 hxg5 21. Rxg5 Nc4 22. Nc2 Nh5 23. Rg1 Rxd1+ 24. Nxd1 Nf4 25. Bxc4 Rxc4 26. Nde3 {Indjic,A (2628)-Tari,A (2656) Chess.com INT 2022 0-1 (74)}) 12. f3 Ne5 13. Bf2 Bb4 14. O-O Bd7 15. a4 Bxc3 16. bxc3 bxa4 17. Bg3 Nc6 18. Rxa4 Nxd4 19. Rxd4 O-O 20. Rd6 Bc8 21. Ra1 Rb8 22. c4 Rb2 23. Bf1 Bb7 24. Rad1 Rb3 25. c5 Rc3 26. Rb6 Bc8 27. c6 a5 28. Be5 Rc2 29. Bd3 Ra2 30. Bc4 Ra4 31. Bb5 Ra2 32. c7 Kh7 33. Rd8 1-0

[Event "88th Tata Steel Masters"]
[Site "Wijk aan Zee NED"]
[Date "2026.01.24"]
[Round "7.2"]
[White "Praggnanandhaa, R."]
[Black "Bluebaum, M."]
[Result "1/2-1/2"]
[WhiteElo "2758"]
[BlackElo "2679"]
[PlyCount "65"]
[EventDate "2026.01.17"]

1. d4 d5 2. c4 e6 3. Nf3 Nf6 4. e3 b6 5. b3 Bb7 6. Bb2 Bd6 7. Bd3 O-O 8. O-O Nbd7 9. Nbd2 Ne4 10. Rc1 Qe7 11. b4 Nxd2 12. Nxd2 dxc4 13. Nxc4 Bxb4 14. a3 Bd6 15. Nxd6 cxd6 16. Rc7 Rab8 17. Qh5 $146 ({RR} 17. Qg4 Rfc8 18. Rfc1 Qd8 19. d5 Nf6 20. Bxf6 Qxf6 21. Qc4 Rf8 22. e4 exd5 23. exd5 Rfe8 24. Be4 g6 25. Bf3 Rbc8 26. Qa4 a6 27. Rxc8 Rxc8 28. Rxc8+ Bxc8 29. Qe8+ Kg7 30. h4 Bb7 31. h5 gxh5 {Lu,M (2441)-Ding Yixin (2392) Shaoxing CHN 2024 ½-½ (55)}) ({RR} 17. Qg4 Rfc8 18. Rfc1 Qd8 19. d5 Nf6 20. Bxf6 Qxf6 21. Qc4 Rf8 22. e4 exd5 23. exd5 Rfe8 24. Be4 g6 25. Bf3 Rbc8 26. Qa4 a6 27. Rxc8 Rxc8 28. Rxc8+ Bxc8 29. Qe8+ Kg7 30. h4 Bb7 31. h5 gxh5 {Lu,M (2441)-Ding Yixin (2392) Shaoxing CHN 2024 ½-½ (55)}) 17... h6 18. d5 Qd8 19. dxe6 Qxc7 20. Qf5 g6 21. exf7+ Rxf7 22. Qxg6+ Kf8 23. Rc1 Nc5 24. Bc4 d5 25. Qxh6+ Ke7 26. Qg5+ Kf8 27. Be5 Qd8 28. Qh6+ Ke7 29. Be2 Rc8 30. Qg5+ Kf8 31. Qh6+ Ke7 32. Qg5+ Kf8 33. Qh6+ 1/2-1/2

[Event "Esports World Cup 2025"]
[Site "Riyadh KSA"]
[Date "2025.08.01"]
[Round "3.1"]
[White "Erigaisi, Arjun"]
[Black "Nakamura, Hi"]
[Result "1-0"]
[WhiteElo "2776"]
[BlackElo "2807"]
[PlyCount "65"]
[EventDate "2025.07.31"]
[EventType "k.o."]

1. d4 d5 2. c4 e6 3. Nf3 Nf6 4. e3 b6 5. b3 Bb7 6. Bb2 Nbd7 7. Bd3 Bd6 8. O-O O-O 9. Nc3 a6 10. Re1 c5 ({RR} 10... Ne4 11. Ne2 Qe7 12. Nf4 Rad8 13. Qe2 a5 14. Rac1 c5 15. cxd5 exd5 16. Bb5 Ng5 17. Red1 Nxf3+ 18. Qxf3 Nf6 19. Nh5 Nxh5 20. Qxh5 Qe6 21. h3 f5 22. Rc2 Rc8 23. Qe2 Qg6 24. f4 Rc7 25. Qf2 {Erigaisi,A (2775)-Keymer,V (2776) Mumbai IND 2025 1-0 (66)}) 11. cxd5 Nxd5 $146 ({RR} 11... exd5 12. e4 dxe4 13. Nxe4 Be7 14. Rc1 Rc8 15. Ng3 Re8 16. Bf5 Rc7 17. dxc5 Rxc5 18. Ng5 h6 19. Rxc5 Bxc5 20. N5e4 Nxe4 21. Nxe4 Bxe4 22. Bxe4 Nf6 23. Bf3 Qxd1 24. Rxd1 Ne4 25. Bxe4 Rxe4 26. Kf1 {Halvax,G (2458)-Peyrer,K (2447) Austria AUT 2024 ½-½ (31)}) ({RR} 11... exd5 12. Rc1 Re8 13. Bf5 c4 14. bxc4 dxc4 15. e4 Bf4 16. Rb1 g6 17. Bxd7 Nxd7 18. d5 b5 19. Qd4 Ne5 20. Ne2 Nxf3+ 21. gxf3 Be5 22. Qd2 Bxb2 23. Qxb2 Bc8 24. Qd4 Qh4 25. e5 Qh5 26. Ng3 {Erigaisi,A (2757)-Pranesh,M (2666) chess.com INT 2026 0-1 (50)}) 12. Nxd5 Bxd5 13. Bc2 f5 14. e4 fxe4 15. Bxe4 Nf6 16. Bxd5 exd5 17. Qd3 Ne4 18. Rad1 Kh8 19. dxc5 Bxc5 20. Re2 Qc7 21. Nd4 Nxf2 22. Rxf2 Rxf2 23. Kxf2 Qxh2 24. Qh3 Rf8+ 25. Ke2 Qe5+ 26. Qe3 Qh2 27. Qg5 h6 28. Qxd5 Qg3 29. Rd2 Rf2+ 30. Kd1 Rf1+ 31. Kc2 Qg6+ 32. Kc3 Qg3+ 33. Nf3 1-0

[Event "Olympiad-34"]
[Site "Istanbul"]
[Date "2000.11.01"]
[Round "5.1"]
[White "Andersson, Ulf"]
[Black "Krasenkow, Michal"]
[Result "1/2-1/2"]
[WhiteElo "2641"]
[BlackElo "2702"]
[PlyCount "65"]
[EventDate "2000.10.28"]
[EventType "team-swiss"]
[EventRounds "14"]
[EventCountry "TUR"]
[SourceTitle "EXT 2001"]
[Source "ChessBase"]
[SourceDate "2000.11.22"]
[SourceVersion "1"]
[SourceVersionDate "2000.11.22"]
[SourceQuality "1"]
[WhiteTeam "Sweden"]
[BlackTeam "Poland"]
[WhiteTeamCountry "SWE"]
[BlackTeamCountry "POL"]

1. Nf3 d5 2. d4 c6 3. c4 e6 4. Qc2 Nf6 5. g3 b6 6. Bg2 Bb7 7. O-O Nbd7 8. Nc3 ({RR} 8. Nbd2 c5 9. cxd5 Nxd5 10. a3 Rc8 11. e4 cxd4 12. Qa4 N5f6 13. Qxa7 Nc5 14. e5 Nd5 15. b4 Ra8 16. Qxa8 Qxa8 17. bxc5 Bxc5 18. Bb2 Nc3 19. Ne1 O-O 20. Bxb7 Qxb7 21. h3 Qd5 22. Nd3 Na4 {Andersson,U (2635)-Atalik,S (2595) Tallinn 1998 0-1 (47)}) ({RR} 8. Rd1 Rc8 9. Nc3 Be7 10. e4 dxe4 11. Ng5 O-O 12. Ncxe4 h6 13. Nh3 Nxe4 14. Bxe4 Nf6 15. Bg2 Qc7 16. Bf4 Bd6 17. c5 bxc5 18. dxc5 Bxf4 19. Nxf4 Nd5 20. Ne2 a5 21. a3 Ba6 22. Nd4 Rb8 {Shapiro,D (2284)-Arnold,K chess.com INT 2024 0-1 (71)}) 8... dxc4 9. Nd2 a6 $146 ({RR} 9... e5 10. e3 exd4 11. exd4 Be7 12. Nxc4 O-O 13. Ne3 g6 14. Rd1 Rc8 15. Qb3 Qc7 16. a4 Rfe8 17. Nc4 Nh5 18. Be3 Rcd8 19. Rac1 Qb8 20. d5 cxd5 21. Nxd5 Bf8 22. a5 Nc5 23. Bxc5 bxc5 24. a6 {Moskalenko,V (2535)-Sorokin,M (2550) Moscow 1992 1-0}) 10. Nxc4 b5 11. Ne5 Nxe5 12. dxe5 Nd5 13. Rd1 Qb8 14. Nxd5 cxd5 15. Bf4 Be7 16. e4 dxe4 17. Rac1 O-O 18. Rd7 Bd8 19. Rxb7 Qxb7 20. Bxe4 Qb8 21. Bxa8 Qxa8 22. Qc6 Be7 23. Be3 Rd8 24. Qxa8 Rxa8 25. Rc7 Kf8 26. b3 Ke8 27. Kg2 a5 28. Kf3 b4 29. Ke4 Bd8 30. Rc4 Be7 31. Rc7 Bd8 32. Rc4 Be7 33. Rc7 1/2-1/2

[Event "Titled Tue 8th Jul Late"]
[Site "chess.com INT"]
[Date "2025.07.08"]
[Round "8"]
[White "Xiong, Jeffery"]
[Black "Nakamura, Hi"]
[Result "0-1"]
[WhiteElo "2646"]
[BlackElo "2807"]
[PlyCount "66"]
[EventDate "2025.07.08"]

1. d4 d5 2. c4 e6 3. Nf3 c5 4. cxd5 exd5 5. g3 Nc6 6. Bg2 Nf6 7. O-O Be7 8. dxc5 Bxc5 9. Qc2 Bb6 10. Nc3 h6 ({RR} 10... O-O 11. Bg5 Be6 12. Na4 h6 13. Nxb6 axb6 14. Bxf6 Qxf6 15. Qb3 Ra6 16. Rac1 d4 17. Qb5 Rxa2 18. Rc2 d3 19. exd3 Bg4 20. Qc4 Bxf3 21. Bxf3 Ne5 22. Qxa2 Nxf3+ 23. Kg2 Nd4 24. b4 Qf3+ 25. Kg1 {Wojtaszek,R (2744)-Mamedov,R (2704) Shamkir 2018 ½-½ (41)}) 11. Na4 ({RR} 11. b3 O-O 12. Na4 Bc7 13. Bb2 Ne4 14. Nc3 Nb4 15. Qc1 Nf6 16. Rd1 Bf5 17. Nb5 Bb6 18. Qf4 Be4 19. a3 Nc6 20. Rac1 Nh5 21. Qg4 Nf6 22. Qh4 Re8 23. Bxf6 Qxf6 24. Qxf6 gxf6 25. Nd6 Re7 {Sapenov,D (2458)-Zhalmakhanov,R (2464) Astana KAZ 2026 ½-½ (46)}) 11... Bc7 12. Rd1 O-O 13. Be3 $146 ({RR} 13. Nc5 Re8 14. h3 Qe7 15. e3 Bd6 16. Nb3 Be6 17. a3 Rac8 18. Qd3 Qd7 19. Kh2 Ne4 20. Qe2 Qc7 21. Qe1 Ne5 22. Nfd4 Qd7 23. Qe2 Bg4 24. hxg4 Nxg4+ 25. Kg1 Nexf2 26. Rf1 Bxg3 27. Bf3 Bh2+ {Fodor,B (2113)-Birovecz,B (1745) Budapest 2016 1-0 (74)}) 13... Re8 14. h3 Bxg3 15. fxg3 Rxe3 16. Nc3 d4 17. Qd2 Qb6 18. Na4 Qa6 19. Nc5 Qb6 20. Rac1 Ne4 21. Nxe4 Rxe4 22. Kh2 Be6 23. Ng5 Re3 24. Nf3 Bxa2 25. b4 Bb3 26. Nxd4 Qxd4 27. Qxd4 Nxd4 28. Rxd4 Rxe2 29. Kg1 Rb8 30. Rc7 Be6 31. g4 Rb2 32. Bxb7 a5 33. b5 Rxb5 0-1